00439nam a2200157Ia 4500008004100000100002500041245002200066245002400088260001400112260000900126300002700135440007100162650001800233650001300251650001700264190717s9999 xx 000 0 und d aHinunangan, Thaddeus aACTS in marriage/ cThaddeus Hinunangan bFAME Inc. c2018 aPages 34-35, June 2018 aHealth and Lifestyle: The Enabler of Dreamsv12/30/1899 5:06:00 PM aCivil wedding aMarriage aRelationship